MARC
|
|
|
|
| LEADER |
00000nas1a2200000 4500 |
| 001 |
379647 |
| 005 |
20231101062625.0 |
| 011 |
|
|
|a 0004-6299
|
| 035 |
|
|
|a (RuTPU)RU\TPU\prd\30
|
| 035 |
|
|
|a PERI00000030
|
| 090 |
|
|
|a 379647
|
| 100 |
|
|
|a 20011210a19249999k y0rusy50 ca
|
| 101 |
0 |
|
|a rus
|
| 102 |
|
|
|a RU
|
| 110 |
|
|
|a agaz|||0uu0
|
| 200 |
1 |
|
|a Астрономический журнал
|e научный журнал
|f Российская академия наук (РАН)
|
| 210 |
|
|
|a M.
|c Наука
|d 1933-1941, 1945-1946, 1948, 1951-1995
|
| 305 |
|
|
|a издается с 1924 г.
|
| 326 |
|
|
|a 6 номеров в год
|
| 610 |
1 |
|
|a астрономия
|
| 610 |
1 |
|
|a космос
|
| 610 |
1 |
|
|a звезды
|
| 610 |
1 |
|
|a планеты
|
| 610 |
1 |
|
|a Галактика
|
| 610 |
1 |
|
|a галактики
|
| 610 |
1 |
|
|a галактические космические лучи
|
| 610 |
1 |
|
|a астрофизика
|
| 610 |
1 |
|
|a радиоастрономия
|
| 610 |
1 |
|
|a небесная механика
|
| 610 |
1 |
|
|a астрономические инструменты
|
| 675 |
|
|
|a 52
|v 3
|
| 712 |
0 |
2 |
|a Российская академия наук (РАН)
|2 stltpush
|3 (RuTPU)RU\TPU\col\51
|
| 801 |
|
0 |
|a RU
|b 63413507
|c 20011210
|g PSBO
|
| 801 |
|
2 |
|a RU
|b 63413507
|c 20180123
|g PSBO
|
| 856 |
4 |
|
|u http://www.maik.ru/ru/journal/astrus/
|
| 856 |
4 |
|
|u https://elibrary.ru/title_about.asp?id=7666
|
| 942 |
|
|
|c CR
|